-
SHAH, Y.I , PARADKAR Dr. A. R AND DHAYAGUDE M.G
Entry Personal Name
Number of records used in: 2
001 - CONTROL NUMBER
003 - CONTROL NUMBER IDENTIFIER
005 - DATE AND TIME OF LATEST TRANSACTION
- control field:
20240108110559.0
008 - FIXED-LENGTH DATA ELEMENTS
- fixed length control field:
240108|| aca||aabn | a|a d
040 ## - CATALOGING SOURCE
- Original cataloging agency:
JRU
- Transcribing agency:
JRU
100 ## - HEADING--PERSONAL NAME
- Personal name:
SHAH, Y.I , PARADKAR Dr. A. R AND DHAYAGUDE M.G
670 ## - SOURCE DATA FOUND
- Source citation:
Work cat.: (JRU)7890: SHAH, Y.I , PARADKAR Dr. A. R AND DHAYAGUDE M.G, INTRODUCTION TO BIOSTATISTICS AND COMPUTER SCIENCE: FOR PHARMACY AND MEDICAL STUDENTS